00731nam a2200205Ia 450000500170000000800410001702000180005804000130007608200150008910000310010424500480013526000400018330000090022350000330023254600120026565000300027794200100030795201910031799900170050820250924121318.0231207s9999 xx 000 0 und d a9788130702247 cPK-LaNCA a780.7bTWO aGiddings, Thaddeus(Editor) 0aTwo-Part MusiccEdited by Thaddeus Giddings bCosmo PublicationsaNew Delhic2006 a208p aCosmo music education series aEnglish aMusic--Education., Music. cMUSIC 0010406780_700000000000000_TWO_3177770927324aNCAbNCAcMusicology Sectiond2023-12-08hCosmo music education series 7l0o780.7 TWO 31777p31777r2023-12-08 00:00:00w2023-12-08yBK c27324d27324